00458nam a2200205Ia 4500003000900000008004100009040001300050040001300063041000800076100002100084100000900105245004500114250001000159260002800169260000900197300001100206300001300217490001600230490000600246IT-RoPAU120407s9999 xx 000 0 und d aIT-RoPAU cIT-RoPAU aita aFrancesco Chiesa ccan. a“Pensarci su”. Opuscolo per giovani. aAlba  aPia Società San Paolo c1939 a136 p. c17,5 cm aFormarsi, 1 v1